GTA V All characters - Statistics

General Stats
  • This quiz has been taken 1,447 times
  • The average score is 12 of 23
Answer Stats
Answer % Correct
Franklin
98%
Trevor
98%
Lamar
83%
Jimmy
75%
Lester
74%
Micheal
74%
Amanda
73%
Dave
68%
Devin
62%
Steve
62%
Tracey
61%
Ron
59%
Wade
50%
Brad
40%
Stretch
38%
Martin
33%
Simeon
32%
Molly
30%
Solomon
26%
Wei
18%
Lazlow
13%
Tao
12%
Paige
8%
No matching quizzes found
Score Distribution
Percent of People with Each Score
Percentile by Number Answered
Your Score History
You have not taken this quiz